[Event "Julian Borowski-B 3rd"]
[Site "Essen"]
[Date "2001.05.03"]
[Round "2"]
[White "Fridman, Daniel"]
[Black "Seul, Georg"]
[Result "1-0"]
[WhiteElo "2559"]
[BlackElo "2434"]
[Annotator "Dautov,R"]
[PlyCount "107"]
[EventDate "2001.05.02"]
[EventType "tourn"]
[EventRounds "9"]
[EventCountry "GER"]
[EventCategory "9"]
[SourceTitle "CBM 083"]
[Source "ChessBase"]
[SourceDate "2001.07.05"]
[SourceVersion "1"]
[SourceVersionDate "2001.07.05"]
[SourceQuality "1"]

1. Nf3 d5 2. d4 Bf5 3. c4 e6 4. Nc3 Nc6 {Diese Variante ist für Schwarz nicht
zu empfehlen. Die schlechte Position des Springer macht sich schnell bemerkbar.
} ({Eine häufig gewählte Alternative zum Textzug ist} 4... c6 5. Qb3 Qb6 6. c5
Qc7 7. Bf4 Qc8 $14) (4... Nf6 $5) 5. Bg5 ({Aussichtsreicher für Weiß ist die
Fortsetzung} 5. Bf4 $1 Nf6 6. e3 Be7 7. cxd5 $1 Nxd5 (7... exd5 8. Bb5 $16) 8.
Bg3 O-O (8... Ncb4 9. Rc1 $14) 9. Be2 Bb4 10. Qc1 Bd6 11. O-O Bxg3 12. hxg3 Qd6
(12... Bg4 13. Rd1 Nce7) 13. Nd2 Bg6 14. Bf3 Nce7 15. Rd1 c6 16. Nc4 $14 {
Kramnik,V-Short,N/Horgen 1995}) 5... Be7 6. Bxe7 ({Zu leichtem weißen Vorteil 
(der unharmonisch stehende Nc6!) führt} 6. cxd5 $5 exd5 7. Bxe7 Ngxe7 8. e3 a6
9. Be2 O-O 10. O-O Qd6 11. Rc1 Rad8 12. Na4 Bc8 13. a3 Kh8 14. Qc2 Qh6 15. Nc5
Rd6 16. b4 $14 {Vaganian,R-Short,N/Novgorod 1995}) 6... Ngxe7 7. e3 O-O 8. Nh4
(8. Rc1 $5) 8... Be4 $1 9. Be2 h6 10. O-O (10. Nxe4 $6 dxe4 11. g3 Qd6 12. O-O
e5 {wäre Schwarz sehr genehm, da der weiße Springer im Abseits ist.}) 10... Bh7
11. Nf3 Qd6 {Trotz der Bescheidenheit der weißen Entwicklung hat Schwarz noch
nicht ausgeglichen. Seine Springer stehen schlecht, und die Verbesserung ihrer
Positionen ist mit positionellen Zugeständnissen verbunden.} 12. a3 dxc4 (12...
a6 13. Rc1 dxc4 14. Bxc4 Rad8 15. Ba2 e5 16. d5 Nb8 17. Nd2 $14) 13. Bxc4 Nd5
14. Rc1 Rad8 (14... Nxc3 15. Rxc3 e5 $2 (15... Rad8 $5) 16. dxe5 Nxe5 17. Qxd6
Nxf3+ 18. gxf3 cxd6 19. Bd5 $16) 15. Na4 $1 b6 16. Bb5 Nce7 17. Re1 Nf6 18. b4
c6 19. Bf1 $14 {Aus dem Regen in die Traufe - auf c6 entstand nun ein
schwacher Bauer!} Nd7 20. Nb2 Qb8 21. Nd3 {/\Ne5} Bxd3 22. Bxd3 e5 23. Bb1 exd4
24. exd4 Qd6 25. Qa4 Rfe8 26. Ne5 $5 (26. Be4 $5 $14) 26... Qxd4 {In der
Hoffnung, dem Druck zu entkommen, gibt Schwarz seine Dame her.} 27. Rcd1 Qc3
28. Re3 $1 (28. Nxd7 $2 Rxd7 $11) 28... Qxe3 $2 ({Ein zäherer Widerstand war
mit} 28... Qxe5 $1 29. Rxe5 Nxe5 30. Rxd8 Rxd8 31. h3 Rd7 $14 {möglich.}) 29.
fxe3 Nxe5 30. Rxd8 Rxd8 31. Qxa7 $16 {Die weiße Dame erweist sich als sehr
mobil. Der Rest der Partie ist leicht zu verstehen.} Nd5 32. Be4 Nf6 33. Bf3 b5
34. Qc7 Nxf3+ 35. gxf3 Rd1+ 36. Kf2 Rc1 37. Qc8+ Kh7 38. Qf5+ Kg8 39. Qc8+ Kh7
40. Qf5+ Kg8 41. e4 Nh7 42. Qc8+ Nf8 43. f4 g6 44. f5 gxf5 45. exf5 Rc4 46. Ke3
h5 47. Qd8 h4 48. Kd3 Rg4 49. Qc7 h3 50. Qxc6 Nh7 51. Qxb5 Ng5 52. a4 Rg2 53.
a5 Nf3 54. a6 1-0

[Event "Altensteig"]
[Site "Altensteig"]
[Date "1994.??.??"]
[Round "7"]
[White "Stangl, Markus"]
[Black "Dautov, Rustem"]
[Result "1-0"]
[WhiteElo "2535"]
[BlackElo "2630"]
[Annotator "Dautov,R"]
[PlyCount "157"]
[EventDate "1994.08.??"]
[EventType "tourn"]
[EventRounds "11"]
[EventCountry "GER"]
[EventCategory "12"]
[SourceTitle "CBM 043"]
[Source "ChessBase"]
[SourceDate "1994.12.01"]
[SourceVersion "1"]
[SourceVersionDate "1994.12.01"]
[SourceQuality "1"]

1. Nf3 d5 2. d4 Bf5 3. c4 e6 4. Nc3 Nf6 5. Bg5 c6 6. Bxf6 (6. Qb3 Qb6 (6... Na6
7. Bxf6 gxf6 8. e3 $14) 7. Qxb6 axb6 8. Bxf6 gxf6 9. cxd5 exd5 10. e3 Nd7 $10 {
->D35}) 6... Qxf6 7. Qb3 Qe7 (7... b6 $6 8. Rc1 Bd6 (8... Nd7 9. Qa4 $16) (8...
dxc4 9. Qxc4 $14) 9. cxd5 exd5 10. Nxd5 $1 cxd5 11. Qxd5 Bb4+ 12. Kd1 O-O 13.
Qxa8 $16) 8. e3 Qc7 $5 (8... Qb4 9. Qxb4 Bxb4 10. a3 Be7 $10) 9. Be2 Be7 10.
O-O O-O (10... Qb6 $5 11. c5 $1 Qc7 (11... Qxb3 12. axb3 a6 13. b4 Nd7 14. b5
$16) 12. Qa4 O-O 13. b4 Nd7 14. b5 e5 $10) 11. a3 Nd7 12. Rfc1 Qb8 (12... Qb6
13. Qd1 Qxb2 $4 14. Na4) (12... dxc4 13. Bxc4 Bg4 $10) 13. Qd1 a6 14. Bd3 Bxd3
(14... Bg4 {>=} 15. h3 Bh5 {/\} 16. e4 dxc4 17. Bxc4 b5 18. Be2 c5 19. d5 Nb6
20. dxe6 fxe6 $15) 15. Qxd3 f5 $5 16. Ne2 Bd6 17. b4 Qd8 18. Rab1 g5 $6 (18...
Qe7 19. Qb3 (19. c5 Bc7 20. a4 e5 21. dxe5 Nxe5 22. Nxe5 Qxe5 23. g3 Qe4 $10)
19... dxc4 20. Qxc4 Kh8 $10 {/\e5}) 19. a4 g4 20. Nd2 Nf6 21. Nf4 $1 (21. b5
axb5 22. axb5 Ne4 $132 {/\Bxh2}) 21... Bxf4 22. exf4 Ne4 23. c5 $14 Rf6 (23...
Nxd2 {>=} 24. Qxd2 Rf6 25. Rb3 Rh6 26. f3 Qh4 27. g3 $14) 24. Nf1 Qe7 25. Qe3
Qg7 26. Rc2 h5 $2 (26... Kh8 27. b5 (27. Kh1 Rg6 $14) 27... axb5 28. axb5 cxb5
29. Rxb5 Ra1 30. Rcb2 Rf7 31. Rb1 Ra4 32. R5b4 Ra2 $132) 27. Kh1 {/\f3} Rg6 28.
f3 gxf3 29. gxf3 Nf6 30. Qxe6+ Kh8 31. Ng3 $18 Rg8 32. Qe3 (32. Qxf5 h4 33. Qh3
Nh7 34. Ne2 Rg2 $132) 32... Qd7 33. Rg1 h4 34. Ne2 Qg7 35. Qf2 Nh5 $138 (35...
Rxg1+ 36. Nxg1 Nh5 37. Nh3 Qf6 38. Re2 $18) 36. Rcc1 Qf6 37. Rxg6 Rxg6 38. Rg1
Rxg1+ 39. Kxg1 Kg7 (39... Ng7 40. Kg2 Ne6 41. Kh3 $18) 40. Qe3 Qg6+ 41. Kf2 h3
42. Qe7+ Kg8 43. Ng3 (43. b5 $1 axb5 44. axb5 cxb5 (44... Qg2+ 45. Ke3 Qxh2 46.
Qe8+ $18) 45. Qxb7 Qg2+ 46. Ke3 Qxh2 47. c6 $18) 43... Nxg3 44. hxg3 h2 45.
Qd8+ Kg7 46. Qh4 Kg8 47. Qxh2 Qg7 48. Ke3 b5 $1 49. a5 (49. cxb6 Qe7+ 50. Kd3
Qxb4) 49... Qe7+ 50. Kd2 Qf6 51. Kd3 Qe6 52. Qe2 Qg6 53. Qe1 Kf8 54. Ke3 Qh5
55. Qg1 Qh3 56. Kf2 Kf7 57. Qg2 Qh8 58. Ke3 Qe8+ 59. Kd2 Qh8 60. Kd3 Qh6 61.
Qg1 Qh3 62. Ke3 Kf6 63. Kf2 Kf7 64. g4 fxg4 65. Qxg4 (65. fxg4 $2 Qd3 66. Kg2
Qe4+ 67. Kg3 Qd3+) 65... Qh2+ 66. Ke3 Qh1 67. f5 Qc1+ 68. Kf2 Qd1 (68... Qd2+
69. Kg3 Qe1+ 70. Kf4 Qd2+ 71. Ke5 Qh2+ 72. f4 Qh8+ 73. Kd6 Qf6+ 74. Kd7 $18)
69. Qf4 Kf6 70. Qe5+ Kf7 71. f6 Kg6 72. Qe8+ (72. f4 $1 Qd2+ 73. Kg3 Qd3+ 74.
Kh4 $18) 72... Kf5 73. Qd7+ $2 Kg6 $2 $138 (73... Kg5 $1 74. Qg7+ (74. f7 Qd2+
75. Kg3 Qe1+ $10) (74. f4+ Kxf4 75. Qd6+ Kf5 76. Qe5+ Kg6 77. Qe8+ Kh6 $1)
74... Kf5 75. f7 Qd2+ 76. Kg3 Qf4+ 77. Kg2 Qd2+ 78. Kh3 (78. Kg1 Qc1+ $10)
78... Qh6+ $3 $10) 74. Qg7+ Kf5 75. Qd7+ $2 Kg6 $2 76. Qe8+ $1 Kf5 77. f7 $2 (
77. Qe5+ $1 Kg6 78. f4 $18) 77... Qd2+ $4 (77... Qxd4+ 78. Kg2 Qg7+ 79. Kf1
Qa1+ 80. Kf2 Qd4+ 81. Qe3 Qf6 $10) 78. Kf1 Qd1+ 79. Qe1 1-0

[Event "Bern Ambassador op"]
[Site "Bern"]
[Date "1997.12.??"]
[Round "6"]
[White "Barbero, Gerardo F"]
[Black "Donev, Ivo Hristov"]
[Result "1-0"]
[WhiteElo "2435"]
[BlackElo "2410"]
[Annotator "Donev,I"]
[PlyCount "34"]
[EventDate "1997.12.??"]
[EventType "swiss"]
[EventRounds "7"]
[EventCountry "SUI"]
[SourceTitle "CBM 062"]
[Source "ChessBase"]
[SourceDate "1998.01.31"]
[SourceVersion "1"]
[SourceVersionDate "1998.01.31"]
[SourceQuality "1"]

1. d4 d5 2. c4 Bf5 3. cxd5 Bxb1 4. Qa4+ c6 5. Rxb1 Qxd5 6. Nf3 Nd7 7. a3 Qe4 {
[%cal Ye4b1,Ye4a4] Greift den Turm an und fesselt gleichzeitig den Bauern d4,
um ...e7-e5 durchzuführen.} 8. Ra1 e5 9. Qb3 exd4 10. Qxf7+ (10. Qxb7 Rb8 11.
Qxa7 (11. Qc7 Ngf6 (11... Bc5 12. b4 Bb6 13. Qg3 Qc2 14. Bd2 Qg6 15. Bf4 Qxg3
16. hxg3 $14) 12. Qxa7 Bc5 $14) 11... Bc5 (11... c5 12. e3 Be7 13. Bc4 dxe3 14.
Bxf7+ Kxf7 15. Qxd7 $16) 12. Qa6 Ngf6 13. b4 Bb6 $16) 10... Kxf7 11. Ng5+ Kg6
12. Nxe4 {Mit dem Eröffnungsergebnis kann Schwarz zufrieden sein. Er hat
Entwicklungvorsprung und kann im Zentrum und auf der halboffenen e-Linie gutes
Spiel bekommen. Es ist wichtig, das Spiel nicht zu öffnen, weil dann das weiße
Läuferpaar eine sehr starke Waffe werden könnte.} Ngf6 ({Leider bin ich in
diesem wichtigen Moment nicht tief genug in die Stellung eingedrungen und habe
daher den logischen Entwicklungszug gespielt. Der Argentinische Großmeister
hat diese Ungenauigkeit sofort ausgenutzt und mit präzisem Spiel dauerhaften
Vorteil erlangt. Die klar bessere Fortsetzung, die den schwarzen Vorteil
gehalten hätte, wäre gewesen:} 12... Re8 $142 $1 {Jetzt führt jeder
Springerabzug zu Entwicklungsschwierigkeiten für Weiß.} 13. Ng3 {[%csl Rf1]} (
13. e3 Rxe4 14. Bd3 Nc5 $1 $17) (13. Nd2 Nc5 14. Kd1 Nf6 $17) 13... Ngf6 14. b4
(14. Bd2 Bc5 $15 (14... h5 15. e3 dxe3 16. Bxe3 Bc5 $11)) (14. e3 dxe3 (14...
Bc5) (14... Ne5 15. e4 $14) 15. Bd3+ Kf7 16. Bxe3 Bc5 $15) 14... Ne5 $15) 13.
Nxf6 $1 Nxf6 14. e4 $1 dxe3 (14... Re8 15. Bd3 Kf7 16. f3 $16 {/\0-0 , Ld2 ,
Tae1 und das weiße f/e-Bauernpaar wird sehr gefährlich.}) 15. Bxe3 Nd5 {
[%cal Yd5e3]} 16. Bd3+ Kf7 17. Bc4 Be7 {In diesem Moment ist etwas
unglaubliches passiert. Mein Gegner hat 5 Minuten nachgedacht und 18.0-0-0
gemacht!!?? Natürlich ist dieser Zug auf der einen Seite sehr stark, weil er
den König in Sicherheit bringt und den Damenturm auf der d-Linie einschaltet.
Für mich war die Fesselung in der d-Linie unangenehm und ich habe ganz
vergessen, daß mein Gegner in der Eröffnung schon mit dem Damenturm zweimal (5.
Tb1 und 8.Ta1) gezogen hatte. Das bedeutet die lange Rochade war unmöglich!!!
Leider habe ich diese Kleinigkeit erst nach der Partie erfahren, weil mein
Gegner zu mir gekommen ist, um sich zu entschuldigen. Er sagte, daß das
Ausführen der langen Rochade ohne Absicht war, er hatte es auch vergessen. Das
tragische an dieser Partie war, daß ich mit 4,5 aus 5 beim Ambasador Open
führte und gegen GM Barbero ( 4 aus 5) an Brett 1 spielen mußte. Wenn ich
gewußt hätte, daß die lange Rochade nicht möglich war, hätte mein Gegner einen
anderen Zug mit dem König ziehen müssen; dies wäre auf alle Fälle günstiger
für Schwarz gewesen.} 1-0

[Event "RUS-ch U18"]
[Site "Moscow"]
[Date "1995.??.??"]
[Round "10"]
[White "Sotnikov, Igor"]
[Black "Shinkevich, Vitaly"]
[Result "1-0"]
[WhiteElo "2440"]
[BlackElo "2435"]
[Annotator "Donev,I"]
[PlyCount "74"]
[EventDate "1995.??.??"]
[EventType "tourn"]
[EventRounds "11"]
[EventCountry "RUS"]
[EventCategory "8"]
[SourceTitle "CBM 046"]
[Source "ChessBase"]
[SourceDate "1995.06.01"]
[SourceVersion "1"]
[SourceVersionDate "1995.06.01"]
[SourceQuality "1"]

1. d4 Nf6 {This game is a KEY GAME for D06} 2. c4 c5 3. Nf3 cxd4 4. Nxd4 d5 5.
cxd5 Nxd5 6. e4 Nf6 7. Bb5+ $1 {Mit diesem aktiven Zug versucht Weiß, die
Initiative zu erobern.} Bd7 {Der aggressive Läuferzug wurde erstmals vom
ehemaligen Weltmeister Alekhine erfolgreich angewendet:} (7... Nfd7 $6 8. O-O
a6 9. Ba4 g6 10. e5 $1 e6 (10... Bg7 $2 11. e6 $18) 11. f4 $14 b5 12. Bc2 Bb7
13. Nc3 Nc6 14. Be3 Nxd4 15. Bxd4 Rc8 16. Be4 Nc5 17. Bxb7 Nxb7 18. Ne4 Be7 19.
Qd2 Qd5 20. Qe3 Nc5 21. Rac1 {1-0 Alekhine,A-Rellstab,L/Bad Nauheim (03) 1936})
8. Bxd7+ Nbxd7 (8... Qxd7 9. e5 (9. Nc3 e5 10. Ndb5 Qxd1+ 11. Kxd1 Na6 $10)
9... Nd5 (9... Ne4 10. e6 fxe6 11. Qh5+ g6 12. Qe5 Nf6 13. Nxe6 $14) 10. e6
fxe6 11. O-O $44) 9. Nc3 e5 10. Ndb5 Nc5 (10... Qa5 11. O-O $1 Nxe4 $6 (11...
Rc8 12. Be3 $14) 12. Qd5 Nec5 13. b4 $1 $18) 11. Qxd8+ Rxd8 12. Bg5 $1 a6 (
12... Nd3+ 13. Ke2 Nxb2 14. Rhb1 Nc4 15. Nc7+ Kd7 16. Rxb7 $16) (12... Be7 13.
Bxf6 Bxf6 (13... gxf6 $6 {Zerstört die schwarze Bauernstruktur.} 14. Ke2 $14 (
14. Nxa7 Nd3+ 15. Ke2 Nxf2 16. Kxf2 Bc5+ 17. Ke2 Bxa7 $14)) 14. Nxa7 Nd3+ 15.
Ke2 Nxb2 16. Rhb1 Nc4 17. Rxb7 Rd2+ 18. Ke1 $16) 13. Nc7+ Kd7 (13... Ke7 $2 14.
N3d5+ Kd6 15. Nxf6 Kxc7 16. Nd5+ $18) 14. N7d5 $14 Ke6 $2 (14... Nxd5 $5 15.
Rd1 (15. Bxd8 $2 Nxc3 16. bxc3 Kxd8 $17) (15. O-O-O Rc8 16. Rxd5+ Ke6 17. f3
Na4 $15) 15... f6 16. Rxd5+ Kc7 (16... Kc8 17. Rxd8+ Kxd8 18. Be3 Nd3+ 19. Ke2
Nxb2 20. Rb1 $14) 17. Be3 Rxd5 18. Nxd5+ Kc6 19. Bxc5 Bxc5 20. Ke2 $14 {
Der Springer ist stärker als der Läufer.}) 15. Bxf6 $1 gxf6 16. Rd1 $16 {
Starke Felder(d5,f5), bessere Bauernstruktur, starker Springer(d5) gegen
schwachen Läufer(f8).} Bd6 (16... Bh6 $5) 17. Ke2 Rhg8 18. g3 (18. Ne3 $1 $16 {
Mit der Idee, die Türme auf der d-Linie zu verdoppeln. Weiß hat sehr großen
positionellen Vorteil, ohne Gegenspiel des Nachziehenden zuzulassen. Wenn die
Türme getauscht werden, ist das Endspiel für Weiß gewonnen.} b5 19. b4 Nd7 20.
Ncd5 $16) 18... Nd7 {Der Springer geht Richtung Vorposten d4.} 19. Rd3 Nb8 20.
f4 $1 exf4 (20... Nc6 $2 21. f5+ Kd7 22. Nxf6+ $18) 21. gxf4 (21. Rf1 Nc6 22.
gxf4 $14) 21... Nc6 {Zu spät - das starke Feld d4 gibt es nicht mehr.} (21...
Rg2+ 22. Kf3 Rxb2 23. f5+ Kd7 (23... Ke5 $2 24. Ne3 $18) 24. Nxf6+ $14) 22.
Rhd1 (22. Rg3 $5) 22... Rg2+ 23. Kf3 Rxh2 {Schwarz hat Gegenspiel bekommen.}
24. Na4 (24. Ne3 $5) 24... b5 $2 (24... Rh3+ $142 {nebst Turmabtausch war
Pflicht.}) 25. Nab6 $2 {Hier konnte Weiß sofort gewinnen:} (25. f5+ Kd7 (25...
Ke5 26. Nf4 $1 $18) 26. Nab6+ Ke8 27. Nxf6+ Ke7 28. Rxd6 Rxd6 29. Nc8+ $18)
25... Rh3+ 26. Kg4 Rxd3 27. Rxd3 Bc5 $2 (27... Rg8+ $142) 28. Nc7+ Ke7 29.
Nbd5+ Kd6 30. Nxa6 Nd4 31. Nxf6 $16 Bb6 32. Nb4 Kc5 33. Nbd5 Kc6 34. Nxb6 $18
Kxb6 35. Nd5+ Rxd5 36. exd5 h5+ 37. Kg5 Kc5 1-0

[Event "RUS-Cup03 Geller Memorial"]
[Site "Moscow"]
[Date "1999.02.10"]
[Round "9"]
[White "Ulko, Jaroslav"]
[Black "Reprintsev, Alexander"]
[Result "1-0"]
[WhiteElo "2397"]
[BlackElo "2470"]
[Annotator "Donev,I"]
[PlyCount "139"]
[EventDate "1999.02.10"]
[EventType "swiss"]
[EventRounds "9"]
[EventCountry "RUS"]
[SourceTitle "CBM 070"]
[Source "ChessBase"]
[SourceDate "1999.06.08"]
[SourceVersion "1"]
[SourceVersionDate "1999.06.08"]
[SourceQuality "1"]

1. d4 d5 2. c4 Bf5 3. Qb3 e5 {Das ist eine besondere Art von Albins
Gegengambit. Der Unterschied besteht hier nur in den eingeschalteten Zügen Qb3
und Bf5. In dieser Variante bekommen wir sehr scharfe taktische Stellungen,
die die Kombinationsfähigkeiten der Spieler herausfordern. Die Theorie hat
noch nicht das letzte Wort über diese Variante gesprochen.} 4. cxd5 exd4 5. e3
(5. Nf3 Bc5 6. Nxd4 Bxd4 7. Qa4+ Nc6 8. dxc6 b5 9. Qxb5 Ne7 10. e3 Rb8 11. Qe2
Bf6 12. Qd2 O-O 13. Bc4 Nxc6 14. O-O Bxb2 15. Bxb2 Qxd2 16. Nxd2 Rxb2 17. Nb3
Ne5 18. Rfc1 Bc2 19. Nd4 Bd3 20. Bb3 Ng4 21. Bc2 c5 22. Bxd3 cxd4 23. exd4 Nxf2
24. Bf5 Re8 25. d5 g6 26. Rc2 {1/2-1/2 Sokolov,A-Rausis,I/Viernheim 1992/CBM
33 ext (26)}) 5... Nd7 ({Interessant ist auch:} 5... Nf6 6. Qxb7 Qxd5 7. Bb5+ (
7. Qxd5 Nxd5 8. exd4 Bb4+ (8... Nb4 9. Na3 Nd3+ 10. Bxd3 Bxd3 $13) (8... Nc6 9.
Bb5 Ndb4 $44 {/\0-0-0}) 9. Bd2 O-O) 7... Bd7 8. Bxd7+ (8. Qc8+ Ke7 9. Bxd7
Nbxd7 $19) 8... Nbxd7 9. Qxd5 Nxd5 10. exd4 Nb4 $44) 6. exd4 Qe7+ (6... Nb6 7.
Bb5+ Bd7 8. Nc3 {Für den geopferten Bauern hat Schwarz nicht genügend
Kompensation.}) 7. Ne2 (7. Be2 Nb6 {nebst 0-0-0} (7... Bxb1 8. Rxb1 Qb4+ 9.
Qxb4 Bxb4+ 10. Bd2 Bxd2+ 11. Kxd2 Nb6 12. Bf3 O-O-O $15 {nebst Nd5})) (7. Be3
Bxb1 8. Rxb1 Qb4+ 9. Qxb4 Bxb4+ 10. Kd1 Ngf6 11. Bc4 Nb6 (11... O-O) 12. Bb5+
Ke7 $11 {nebst Nd5}) 7... Bxb1 8. Rxb1 Qb4+ 9. Qxb4 Bxb4+ 10. Nc3 Ngf6 11. a3
$1 {Nur auf diese Weise kann Weiß Vorteil bekommen.} (11. Bc4 $6 O-O-O (11...
O-O) 12. d6 Bxd6 13. Bxf7 Rhf8 14. Bb3 Ng4 15. f3 (15. Ne4) 15... Rde8+ 16. Kf1
(16. Ne2 Nxh2 17. Bg5 Rxf3 $15) 16... Nxh2+) 11... Ba5 $6 {Führt zu einer
schwierigeren Stellung für Schwarz.} (11... Bxc3+ $2 12. bxc3 Nb6 (12... Nxd5
13. Rxb7 O-O-O) 13. c4 $16) (11... Bd6 $142 $5 {Nur mit diesem Zug kann
Schwarz um Ausgleich kämpfen.} 12. Nb5 (12. Bc4 O-O 13. O-O Nb6 14. Ba2 Rfe8 (
14... Rfd8 15. Bg5 Be7 {[%cal Yd8d5]} 16. Rfe1 Kf8 17. Rbc1 $16) 15. Bg5 Ne4
16. Nxe4 Rxe4 17. Rfd1 Rae8 $44) 12... Nxd5 13. Nxd6+ cxd6 14. Bc4 N7b6 15. Ba2
O-O 16. O-O Rfe8 $11) 12. b4 Bb6 {Das Hauptproblem des Nachziehenden ist, dass
das Feld b6 jetzt für den Nd7 blockiert ist.} 13. Be3 O-O-O 14. d6 (14. Bc4
Rhe8 15. O-O Ng4 16. Rbe1 f5 $14) 14... Rde8 (14... cxd6 15. Rc1 Kb8 16. Bc4)
15. Be2 (15. dxc7 $2 Bxd4) 15... cxd6 16. O-O Ne4 17. Nxe4 Rxe4 18. Bf3 Re6 19.
a4 Kb8 20. a5 Bc7 21. Rfc1 Re7 22. Bf4 Rg8 23. h4 ({Gewinnt auch:} 23. Rxc7 $1
Kxc7 24. Rc1+ Kd8 25. Bxd6 (25. Bxb7 Nb8 26. Rc8+ Kd7 27. Rc1) 25... Re6 26.
Bc7+ Ke7 27. d5 (27. Bxb7) 27... Rg6 28. Re1+ Kf6 29. h4 $18) 23... h6 24. Rxc7
Kxc7 25. Rc1+ Kd8 26. Bxd6 Re6 27. Bc7+ Ke7 28. Bxb7 (28. d5 $18) 28... g5 29.
d5 Re2 30. Kf1 Rb2 31. Re1+ Kf6 32. Bc6 Rc2 33. Bd6 Nb8 34. hxg5+ hxg5 35. Bb5
(35. b5 a6 36. b6 Nxc6 37. dxc6 Rxc6 38. Be5+ Kf5 39. b7 $18 {nebst b8Q}) 35...
Rd2 36. Be7+ Kg6 37. Re5 f6 38. Re6 Kh5 (38... Rxd5 39. Rxf6+ Kg7 40. Bc4 Rd1+
{Zuerst muss der Kf1 auf die e-Linie gezwungen werden.} 41. Ke2 Rd7 $1 42. Bxg8
Rxe7+ 43. Re6 $8 Rb7 44. Re8 Rxb4 $16 45. Bd5) 39. Rxf6 Rc8 40. Bc5 Rd1+ 41.
Ke2 Rxd5 42. Kf3 Rh8 43. Be2 Kh4 44. Bd6 g4+ 45. Kf4 Rd4+ 46. Ke3 Rd5 47. Re6
Nd7 48. Bc4 Rd1 49. Be2 Rd5 50. Bd3 Nf8 51. Bg3+ Kh5 52. Re8 Kg5 53. Be5 Rh1
54. Bf4+ Kf6 55. Rxf8+ Ke7 56. Ra8 Re1+ 57. Kd2 Re4 58. Rxa7+ Ke8 59. Be3 Rxb4
60. Kc3 Ra4 61. Bg6+ Kd8 62. Bf7 Rd6 63. Kb3 Re4 64. Bb6+ Kc8 65. Bc4 Rd1 66.
Ba6+ Kb8 67. Rb7+ Ka8 68. Rg7 Re8 69. Bb7+ Kb8 70. Ba7+ 1-0

[Event "KasparovChess GP g/60"]
[Site "Internet"]
[Date "2000.02.11"]
[Round "1.2"]
[White "Van Wely, Loek"]
[Black "Sokolov, Ivan"]
[Result "1-0"]
[WhiteElo "2646"]
[BlackElo "2637"]
[Annotator "Donev,I"]
[PlyCount "57"]
[EventDate "2000.02.09"]
[EventType "k.o."]
[EventRounds "4"]
[EventCountry "NET"]
[SourceTitle "CBM 076"]
[Source "ChessBase"]
[SourceDate "2000.05.31"]
[SourceVersion "1"]
[SourceVersionDate "2000.05.31"]
[SourceQuality "1"]

1. Nf3 d5 2. d4 Bf5 3. c4 e6 4. Nc3 Nc6 ({Ich denke, dass der Nachziehende in
der folgende Variante nach Ausgleich suchen muss:} 4... c6 $142 5. Qb3 Qb6) 5.
Bf4 Nf6 6. e3 Be7 7. a3 O-O 8. Rc1 a6 9. cxd5 exd5 10. Bd3 $14 {[%mdl 16] Mit
Zugumstellung haben wir eine Stellung erreicht, die typisch für die
Abtauschvariante des Damengambits ist. Man kann dazu bemerken, dass die weißen
Figuren harmonisch entwickelt sind und der schwarze Springer auf c6 unbequem
steht.} (10. Be2 Re8 11. O-O h6 12. Ne5 Nxe5 13. Bxe5 Be6 14. Na4 c6 15. b4 Bd6
16. Bxd6 Qxd6 17. Nc5 Qc7 18. a4 Nd7 19. b5 Nxc5 20. Rxc5 axb5 21. axb5 Ra5 22.
Qb3 Bd7 23. b6 Ra3 24. Qxa3 Qxb6 25. Bd3 {1-0 Boonman,P-Vereschildt,S/Nijmegen
1992/EXT 99 (25)}) 10... Bxd3 11. Qxd3 Nh5 $6 (11... h6 $5 12. O-O Bd6) 12. Bg3
Nxg3 13. hxg3 g6 14. Ke2 Bf6 15. g4 Bg7 16. g5 $1 {[%mdl 128] Eine
ausgezeichnete Idee. Mit den letzten beiden Bauernzügen hat der Anziehende die
Angriffsmarke auf h7 fixiert. Jetzt muss nur noch die logische
Turmverdoppelung auf der halboffenen h-Linie erfolgen, um den Druck gegen den
schwarzen Monarchen zu verstärken.} f5 $6 ({Schwarz sollte hier} 16... f6 $142
{versuchen.}) 17. Rh4 Rf7 18. Rch1 Bh8 19. Kf1 {[%csl Rf4][%cal Yc3e2,Ye2f4]
Der König räumt das Feld e2, um dem Damenspringer zu erlauben, schnell zum
starken Punkt f4 zu wandern.} Qd6 20. Ne2 Ne7 21. Nf4 {Jetzt stehen die weißen
Steine optimal. Bald wird die schwarze Lage kritisch.} c5 {Schwarz versucht
Gegenspiel zu bekommen...} 22. g3 Qb6 23. Kg2 Rc8 24. Rh6 Rc6 $2 {Nach diesem
Fehler bricht die schwarze Stellung zusammen.} ({Schwarz sollte mit folgende
Variante versuchen sich zu retten:} 24... cxd4 $142 25. exd4 Qxb2 26. Rb1 Qc3
27. Rxb7 Qc6 28. Qb3 Qc4 $14) 25. Ne5 $1 $18 {[%cal Ye5f7,Ye5c6]} Bxe5 {
Erzwungen. Jetzt bekommt der Anziehende einen starken Freibauern und die
Schwäche des d5-Bauern wird noch spürbarer.} 26. dxe5 Qxb2 (26... Qd8 27. Rd1
Kh8 28. Nxd5 Ng8 29. e6 $1 Rxe6 (29... Nxh6 30. Qc3+ Kg8 31. Nf6+ $18) (29...
Rg7 30. Rxh7+ $3 Kxh7 31. Rh1+ Nh6 32. Rxh6+ Kg8 33. Nf6+ {[%cal Yd3d8]} Qxf6
34. gxf6 $18) 30. Qc3+ Rg7 31. Rxh7+ Kxh7 32. Nf6+ $18) 27. e6 Rg7 28. Nxd5
Rxe6 29. Nc7 $1 {[%cal Yd3d8,Yc7e6] Ein ausgezeichnete Angriffspartie des
holländischen Großmeisters!} 1-0

[Event "Jakarta"]
[Site "Jakarta"]
[Date "1996.??.??"]
[Round "?"]
[White "Situru, Nathanael"]
[Black "Handoko, Edhi"]
[Result "0-1"]
[WhiteElo "2385"]
[BlackElo "2475"]
[Annotator "Donev,I"]
[PlyCount "60"]
[EventDate "1996.08.28"]
[EventType "tourn"]
[EventRounds "11"]
[EventCountry "INA"]
[EventCategory "10"]
[SourceTitle "CBM 057"]
[Source "ChessBase"]
[SourceDate "1997.04.01"]
[SourceVersion "1"]
[SourceVersionDate "1997.04.01"]
[SourceQuality "1"]

1. d4 d5 2. Nf3 Bf5 3. c4 e6 4. cxd5 exd5 5. Qb3 Nc6 6. Bd2 Rb8 7. Nc3 Nf6 8.
Bg5 Na5 9. Qa4+ c6 10. Bxf6 gxf6 11. e3 b5 12. Qd1 Nc4 13. Bxc4 bxc4 14. e4
dxe4 15. Qe2 Qe7 16. O-O $4 (16. Nh4 Bg6 17. Nxg6 hxg6 18. Nxe4 $14) 16... exf3
17. Qxc4 Qd7 18. d5 Rc8 19. Ne4 Bxe4 20. Qxe4+ Be7 21. d6 Qxd6 22. Rfe1 f5 23.
Qe3 Kf8 24. Qxf3 Qf6 25. Rad1 Bd6 26. Re3 Kg7 27. g4 Rhd8 28. g5 Qxg5+ 29. Kh1
Kh8 30. Qh3 Qg4 0-1